Clinical epidemiological survey and a study on the unmet needs of persons with spinal cord injury /
Saved in:
| Main Author: | |
|---|---|
| Format: | Thesis Book |
| Language: | English |
| Published: |
2001.
|
| Subjects: | |
| Tags: |
Add Tag
No Tags, Be the first to tag this record!
|
| LEADER | 01008nam a2200253 a 4500 | ||
|---|---|---|---|
| 001 | u697790 | ||
| 003 | SIRSI | ||
| 008 | 930714s2001 my t 00 1 eng m | ||
| 035 | |a ADC-2970 | ||
| 040 | |a UMP | ||
| 096 | |a WB320 |b UM 2001 Nazh | ||
| 100 | 0 | 0 | |a Nazirah Hasnan. |
| 245 | 1 | 0 | |a Clinical epidemiological survey and a study on the unmet needs of persons with spinal cord injury / |c Nazirah Hasnan. |
| 260 | |c 2001. | ||
| 270 | |a Universiti Malaya. Fakulti Perubatan. Jabatan Sains Kesihatan Sekutu. | ||
| 300 | |a v, 83 leaves : |b col. photos., tables ; |c 30 cm. | ||
| 502 | |a Dissertation (M.Rehab.Med) -- Department of Rehabilitation, Faculty of Medicine, University of Malaya, 2001. | ||
| 504 | |a Bibliography: leaves [80-83] | ||
| 650 | 2 | |a Spinal Cord Injuries |x epidemiology. | |
| 710 | 2 | 0 | |a Universiti Malaya. |b Jabatan Pemulihan. |
| 948 | |a 19/08/2004 |b 19/08/2004 | ||
| 900 | |a PM | ||
| 596 | |a 2 | ||
| 999 | |a WB320 UM 2001 NAZH |w NLM |c 1 |i A510783709 |d 15/6/2005 |f 15/6/2005 |g 1 |l TESIS |m P02MEDKL |r Y |s Y |t TESIS |u 15/4/2005 | ||
